Countries That Won The World Cup - All Modalities - Statistics

General Stats
  • This quiz has been taken 38 times
  • The average score is 14 of 17
Answer Stats
Total Most Successful Country % Correct
10 Men/U20 - 5 titles Brazil
100%
7 Men - 4 titles Germany
100%
3 Men/U20/Female - 1 title Spain
100%
9 U20 - 6 titles Argentina
97%
2 Men/U20 - 1 title England
97%
3 Men - 2 titles France
97%
4 Men - 4 titles Italy
97%
4 Female - 4 titles United States
97%
1 Female - 1 title Japan
94%
3 Men - 2 titles Uruguay
91%
2 U20 - 2 titles Portugal
89%
1 Female - 1 title Norway
71%
1 U20 - 1 title Ukraine
54%
1 U20 - 1 title Serbia
49%
1 U20 - 1 title Ghana
43%
1 U20 - 1 title Soviet Union
43%
1 U20 - 1 title Yugoslavia
40%
No matching quizzes found
Score Distribution
Percent of People with Each Score
Percentile by Number Answered
Your Score History
You have not taken this quiz